College keyboarding and document processing : (Record no. 15256)
[ view plain ]
| 000 -LEADER | |
|---|---|
| fixed length control field | 00340nam a22001337a 4500 |
| 003 - CONTROL NUMBER IDENTIFIER | |
| control field | URS |
| 005 - DATE AND TIME OF LATEST TRANSACTION | |
| control field | 20220114171940.0 |
| 008 - FIXED-LENGTH DATA ELEMENTS--GENERAL INFORMATION | |
| fixed length control field | 180625b xxu||||| |||| 00| 0 eng d |
| 020 ## - INTERNATIONAL STANDARD BOOK NUMBER | |
| International Standard Book Number | 9780073045597 |
| 050 14 - LIBRARY OF CONGRESS CALL NUMBER | |
| Classification number | Z 52.3 |
| Item number | G78 2005 |
| 100 1# - MAIN ENTRY--PERSONAL NAME | |
| Personal name | Gregg, |
| Relator term | 2005- |
| 245 10 - TITLE STATEMENT | |
| Title | College keyboarding and document processing : |
| Statement of responsibility, etc. | Gregg. |
| 942 ## - ADDED ENTRY ELEMENTS (KOHA) | |
| Source of classification or shelving scheme | Library of Congress Classification |
| Koha item type | Foreign Books |
| Withdrawn status | Source of classification or shelving scheme | Damaged status | Not for loan | Collection code | Home library | Current library | Shelving location | Date acquired | Total Checkouts | Full call number | Barcode | Date last seen | Price effective from | Koha item type |
|---|---|---|---|---|---|---|---|---|---|---|---|---|---|---|
| Library of Congress Classification | Non-fiction | Binangonan College Library | Binangonan College Library | Foreign Section | 06/07/2023 | Z 52.3 G78 2005 | URSBIN-02050 | 06/25/2018 | 06/25/2018 | Foreign Books | ||||
| Library of Congress Classification | Non-fiction | Binangonan College Library | Binangonan College Library | Foreign Section | 06/07/2023 | Z 52.3 G78 2005 | URSBIN-02051 | 06/25/2018 | 06/25/2018 | Foreign Books |